50 States in reverse alphabetical - Statistics

General Stats
  • This quiz has been taken 37 times
  • The average score is 48 of 50
Answer Stats
Hint Postal Abbreviation Answer % Correct
W WY Wyoming
100%
A AL Alabama
97%
A AK Alaska
97%
A AZ Arizona
97%
A AR Arkansas
97%
C CO Colorado
97%
D DE Delaware
97%
F FL Florida
97%
G GA Georgia
97%
H HI Hawaii
97%
I ID Idaho
97%
I IL Illinois
97%
I IN Indiana
97%
I IA Iowa
97%
K KS Kansas
97%
K KY Kentucky
97%
M MI Michigan
97%
M MS Mississippi
97%
M MT Montana
97%
N NE Nebraska
97%
N NV Nevada
97%
N NH New Hampshire
97%
N NJ New Jersey
97%
N NM New Mexico
97%
N NY New York
97%
N NC North Carolina
97%
N ND North Dakota
97%
O OH Ohio
97%
O OK Oklahoma
97%
O OR Oregon
97%
P PA Pennsylvania
97%
R RI Rhode Island
97%
S SC South Carolina
97%
S SD South Dakota
97%
T TN Tennessee
97%
T TX Texas
97%
U UT Utah
97%
V VT Vermont
97%
V VI Virginia
97%
W WA Washington
97%
W WV West Virginia
97%
C CA California
94%
L LA Louisiana
94%
M ME Maine
94%
M MD Maryland
94%
M MA Massachusetts
94%
M MN Minnesota
94%
M MO Missouri
94%
W WI Wisconsin
94%
C CT Connecticut
83%
No matching quizzes found
Score Distribution
Percent of People with Each Score
Percentile by Number Answered
Your Score History
You have not taken this quiz